Návrh optimalizácie modelu finančného plánovania v podniku Jadrová a vyraďovacia spoločnosť, a. s. Bratislava = The suggestion of optimization of financial planning model in the factory Jadrová a vyraďovacia spoločnosť, a. s. Bratislava : Diplomová práca

Saved in:
Bibliographic Details
Main Author: Danko, Martin (Author)
Other Authors: Šefčíková, Miriam, 1975- (xxx)
Format: Manuscript Book
Language:Slovak
Published: Trnava : STU v Bratislave MTF UPMK, 2009
Subjects:
Tags: Add Tag
No Tags, Be the first to tag this record!

MARC

LEADER 00000ntm a22000003a 4500
001 stu186635
005 20160719160109.5
008 090706s2009----xo------------------slo-d
040 |a STU  |b slo 
041 0 |a slo 
044 |a xo 
100 1 |a Danko, Martin  |4 aut 
245 1 |a Návrh optimalizácie modelu finančného plánovania v podniku Jadrová a vyraďovacia spoločnosť, a. s. Bratislava = The suggestion of optimization of financial planning model in the factory Jadrová a vyraďovacia spoločnosť, a. s. Bratislava :  |b Diplomová práca 
260 |a Trnava :  |b STU v Bratislave MTF UPMK,  |c 2009 
300 |a 88 s  |c Príloha, 1 CD-ROM 
500 |a Študijný program: priemyselné manažérstvo 
500 |a Študijný odbor: 5.2.52 priemyselné inžinierstvo 
650 7 |a finančné plánovanie  |2 stusub 
650 7 |a finančný plán  |2 stusub 
700 1 |a Šefčíková, Miriam,  |d 1975-  |4 xxx  |u M4000  |U MTF Materiálovotechnologická fakulta  |T MTF Ústav priemyselného inžinierstva a manažmentu  |X 2854  |U M4000  |Y 84  |7 A000002854 
996 |b 284M070679  |c M*DP-8005  |l MMSKP  |s P  |a 0  |w stu186635_0001